| 000 | 00963nam a2200277 i 4500 | ||
|---|---|---|---|
| 001 | bg | ||
| 245 | 0 | 0 |
_aKodeks cywilny. Ustawa o księgach wieczystych i hipotece. Kodeks rodzinny i opiekuńczy. Kodeks postępowania cywilnego. Prawo prywatne międzynarodowe : _bze skorowidzem. |
| 250 |
_a[Wyd. 6] _astan prawny na dzień 18 lutego 1997 r. |
||
| 260 |
_aSopot : _b"Lex", _ccop. 1997. |
||
| 300 |
_a845, [1] s. ; _c21 cm. |
||
| 490 | 1 | _aSeria z Paragrafem | |
| 650 | 9 |
_aHipoteka _xprawo _zPolska |
|
| 650 | 9 |
_aPostępowanie cywilne _zPolska |
|
| 650 | 9 |
_aPrawo cywilne _zPolska |
|
| 650 | 9 | _aPrawo prywatne międzynarodowe | |
| 650 | 9 |
_aRodzina _xprawo _zPolska |
|
| 700 | 1 |
_aSZPUNAR, Adam. _eaut. wstępu |
|
| 830 | _aSeria z Paragrafem | ||
| 020 | _a8371591160 | ||
| 040 | _cBPK | ||
| 041 | 0 | _apl | |
| 080 | _a347.2+347.4+347.6+347.91/.95+341.9](438)(094.4) | ||
| 920 | _a83-7159-116-0 | ||
| 942 | _cKS | ||
| 008 | s pl f |000 0 pol | ||
| 999 |
_c31259 _d31259 |
||
| 856 |
_uhttp://koha.tu.koszalin.pl/cgi-bin/koha/opac-detail.pl?biblionumber=31259 _yKatalog online BPK |
||